Comentarios a la Constitución / (Record no. 70807)

MARC details
000 -LEADER
campo de control de longitud fija 00649nam a2200229 i 4500
001 - NÚMERO DE CONTROL
campo de control 70807
003 - IDENTIFICADOR DE NÚMERO DE CONTROL
campo de control ES-MaACL
005 - FECHA Y HORA DE LA ÚLTIMA TRANSACCIÓN
campo de control 20250904204917.0
007 - CAMPO FIJO DE DESCRIPCIÓN FÍSICA--INFORMACIÓN GENERAL
campo de control de longitud fija t|
008 - DATOS DE LONGITUD FIJA--INFORMACIÓN GENERAL
campo de control de longitud fija 040803s1985 sp |||| | spa d
020 ## - NÚMERO INTERNACIONAL ESTÁNDAR DEL LIBRO
Número Internacional Estándar del Libro 84-7398-335-1
245 00 - MENCIÓN DEL TÍTULO
Título Comentarios a la Constitución /
Mención de responsabilidad, etc. Fernando Garrido Falla ... [et al.].
250 ## - MENCION DE EDICION
Mención de edición 2ª ed.
260 ## - PUBLICACIÓN, DISTRIBUCIÓN, ETC.
Lugar de publicación, distribución, etc. Madrid :
Nombre del editor, distribuidor, etc. Civitas,
Fecha de publicación, distribución, etc. 1985.
300 ## - DESCRIPCIÓN FÍSICA
Extensión 2503 p. ;
Dimensiones 24 cm.
500 ## - NOTA GENERAL
Nota general Índices.
610 14 - PUNTO DE ACCESO ADICIONAL DE MATERIA--NOMBRE DE ENTIDAD CORPORATIVA
Nombre de entidad corporativa o nombre de jurisdicción como elemento de entrada España.
Título de la obra Constitución, 1978.
9 (RLIN) 3657
700 1# - ENTRADA AGREGADA--NOMBRE PERSONAL
Nombre de persona Garrido Falla, Fernando,
Fechas asociadas al nombre 1921-2003
9 (RLIN) 55700
852 ## - LOCALIZACIÓN
Ubicación ES-MaACL
Número de control de estantería L-7575
852 ## - LOCALIZACIÓN
Ubicación ES-MaACL
Número de control de estantería B-4745
Holdings
Estatus retirado Estado de pérdida Estado de daño No para préstamo Biblioteca de origen Biblioteca actual Ubicación en estantería Fecha de adquisición Fuente de adquisición Total de préstamos Signatura topográfica completa Código de barras Visto por última vez Precio de reemplazo Tipo de ítem Koha
        Biblioteca del Ateneo de Madrid Biblioteca del Ateneo de Madrid Sala Pardo Bazán 17/01/2008     B-4745 1074147 23/02/2023 23/02/2023 Libro impreso
        Biblioteca del Ateneo de Madrid Biblioteca del Ateneo de Madrid Depósito 2 17/01/2008     L-7575 1074146 23/02/2023 23/02/2023 Libro impreso